| Tag |
First Indicator |
Second Indicator |
Subfields |
| LEADER |
00000cam a2200000 4500 |
| 001 |
in00000065212 |
| 005 |
20151008051814.0 |
| 008 |
751230s1951 enka 00000 eng d |
| 010 |
|
|
|a 51007433
|
| 035 |
|
|
|a (OCoLC)01906172
|
| 035 |
|
|
|9 AAH0091AM
|
| 040 |
|
|
|a DVP
|c DVP
|d TXA
|d UtOrBLW
|
| 049 |
|
|
|a TXAM
|c [191399]
|
| 050 |
0 |
0 |
|a HC622
|b .S48
|
| 082 |
0 |
|
|a 330.9931
|
| 092 |
|
|
|a 330.9931
|b S589i
|
| 100 |
1 |
|
|a Simkin, C. G. F.
|q (Colin George Frederick)
|
| 245 |
1 |
4 |
|a The instability of a dependent economy ;
|b economic fluctuations in New Zealand, 1840-1914.
|
| 264 |
|
1 |
|a [London],
|a [New York] :
|b Oxford University Press,
|c 1951.
|
| 300 |
|
|
|a x, 208 pages :
|b diagrams ;
|c 22 cm.
|
| 336 |
|
|
|a text
|b txt
|2 rdacontent
|
| 337 |
|
|
|a unmediated
|b n
|2 rdamedia
|
| 338 |
|
|
|a volume
|b nc
|2 rdacarrier
|
| 650 |
|
0 |
|a Business cycles.
|
| 651 |
|
0 |
|a New Zealand
|x Economic conditions.
|
| 999 |
|
|
|a MARS
|
| 999 |
f |
f |
|s 9eeae3c1-dfbd-3af5-b504-f08fa7a78c7b
|i dae0540a-ce4c-367b-b5e0-53e9b848ce6a
|t 0
|
| 952 |
f |
f |
|p ric
|a Texas A&M University
|b Rellis Campus
|c Joint Library Facility
|d Remote Storage
|t 0
|e HC622 .S48
|h Library of Congress classification
|i unmediated -- volume
|m A14800710767
|
| 998 |
f |
f |
|a HC622 .S48
|t 0
|l Remote Storage
|